000 00763nam a2200229 i 4500
001 95044
003 ES-MaACL
005 20250417063056.0
007 t|
008 050520m19721973sp ||||1| spa d
100 1 _aLukács, György,
_d1885-1971
_974718
245 1 3 _aEl hombre, su obra, sus ideas /
_cGeorg Lukács; G. H. R. Parkinson, editor; traducción castellana de J. C. García Borrón.
250 _a[1ª ed.].
260 _aBarcelona :
_bGrijalbo,
_c1972-1973.
300 _a288 p. ;
_c21 cm.
490 1 _aTeoría y realidad ;
_v3
700 1 _aGarcía Borrón, J. C.
_9184353
700 1 _aParkinson, G. H. R.
_989191
830 0 _aTeoría y realidad ;
_v3
_9180740
852 _aES-MaACL
_jC-49415
_bR.84123
999 _c95044
_d95044